000 00674nam a2200205 a 4500
005 20210219160112.0
008 080801s1987 mx r 000 0 spa d
020 _a923201713X
035 _aUPN01000158692
049 _aUNE
080 _a960=40 "1880- 1935" HIS Vol.7.
245 0 0 _aHistoire général de l'Afrique VII :
_bl'Afrique sous domination coloniale 1880-1935 /
_cDirecteur de volume A. Adu Boahen.
260 _aParís :
_bUNESCO :
_bNouvelles Editions Africaines
_c1987.
300 _a937 p. : map., rets.
690 _aHistoria africana
690 _aColonialismo - Africa
700 1 _aBoahen, Adu Albert,
_ecomp.
710 2 _aUNESCO
905 _aUNESCO
999 _c130806
_d130806